000 01038nas a2200277 454500
001 36515
005 20260407193509.0
008 260407s1993####ag###########|||spa#d
003 AR-UNSa-BCEJYS
040 _aAR-UNSa-BCEJYS
_bspa
_cAR-UNSa-BCEJYS
080 _a338
_xSituación económica. Política económica. Gestión de la economía. Planificación de la economía. Producción. Servicios. Precios
245 1 0 _aSerie políticas sociales
022 _a1564-4162
264 1 _aSantiago de Chile :
_bCEPAL (Comisión Económica para América Latina y el Caribe)
_c1993
310 _aFrecuencia: Irregular
041 _aspa
942 _cSER
590 _aniveau_biblio:s niveau_hierar:1
100 1 _aNaciones Unidas. Comisión Económica para América Latina y el Caribe (CEPAL)
650 _aPolítica educacional
650 _aPobreza
650 _aECONOMIA
650 _aFINANCIAMIENTO
650 _aECONOMIA POLITICA
856 4 1 _uhttps://biblioeco.unsa.edu.ar/pmb/images/revistas/R00161.jpg
_yImagen de portada
_qimage/jpeg
999 _c8786
_d8786